000 00601nam a2200241Ia 4500
003 OSt
005 20221007101440.0
006 a|||||r|||| 00| 0
007 ta
008 221006b |||||||| |||| 00| 0 eng d
024 _a6,481
037 _cTextual
040 _aLCO
_cLCO
_beng
041 _2eng
_aeng
082 _aV3:2, L3
100 _aNWABUEZE B O
245 0 _aConstitutionalism in Emergent States.
260 _aLondon
_bC. Hurst & Co.
_c1973
300 _a316
650 _aCONSTITUTION
942 _hV3:2, L3
_cTEXL
999 _c1176044
_d1176044